Normal view
MARC view
Entry Personal Name
001 - CONTROL NUMBER
- control field: 27346
003 - CONTROL NUMBER IDENTIFIER
- control field: ARRUPE
005 - DATE AND TIME OF LATEST TRANSACTION
- control field: 20161108110847.0
008 - FIXED-LENGTH DATA ELEMENTS
- fixed length control field: 161108|| aca||aabn | a|a d
040 ## - CATALOGING SOURCE
- Original cataloging agency: ARRUPE
- Transcribing agency: ARRUPE
100 ## - HEADING--PERSONAL NAME
- Personal name: Ignacio,
- Titles and other words associated with a name: de de Loyola,
- Dates associated with a name: 1491-1556.
670 ## - SOURCE DATA FOUND
- Source citation: Work cat.: (ARRUPE)0: Ignacio, de de Loyola, 1491-1556., Constituciones de la Compania de Jesús y sus declaraciones, 1908.